Ethics : moral phenomena
Guardado en:
| Autor principal: | |
|---|---|
| Formato: | Libro |
| Lenguaje: | Undetermined |
| Publicado: |
Londres, Inglaterra
Georges Allen
1932
|
| Materias: | |
| Etiquetas: |
Agregar Etiqueta
Sin Etiquetas, Sea el primero en etiquetar este registro!
|
MARC
| LEADER | 00000nam a2200000Ia 4500 | ||
|---|---|---|---|
| 008 | 170316s9999 xx 000 0 und d | ||
| 090 | |a 100 H-5e v.1 | ||
| 100 | |a Hartmann, Nicolai | ||
| 245 | |a Ethics : moral phenomena | ||
| 260 | |a Londres, Inglaterra | ||
| 260 | |b Georges Allen | ||
| 260 | |c 1932 | ||
| 300 | |a 343 páginas Vol I | ||
| 650 | |a FILOSOFÍA | ||
| 650 | |a ÉTICA | ||
| 999 | |c 16549 |d 16549 | ||
| 040 | |a cru BVZT | ||
| 942 | |c 15 D |h 100 H-5e v.1 |2 z | ||
